| 000 -CABECERA |
| Longitud fija campo de control |
00582nam a2200217 a 4500 |
| 003 - IDENTIFICADOR DEL NÚMERO DE CONTROL |
| Identificador del número de control |
OSt |
| 005 - FECHA Y HORA DE LA ÚLTIMA TRANSACCIÓN |
| Fecha y hora de la última transacción |
20150331173919.0 |
| 008 - CÓDIGOS DE INFORMACIÓN DE LONGITUD FIJA |
| Códigos de información de longitud fija |
150226s2015 sp ||||| |||| 000 0 spa|d |
| 017 ## - NÚMERO DE COPYRIGHT O DE DEPÓSITO LEGAL |
| Número de copyright o de depósito legal |
DL B. 25568-2014 |
| 020 ## - NÚMERO INTERNACIONAL NORMALIZADO PARA LIBROS |
| Número Internacional Normalizado para Libros (ISBN) |
9788433963772 |
| 040 ## - FUENTE DE LA CATALOGACIÓN |
| Lengua de catalogación |
cat |
| Centro transcriptor |
CDMR |
| 100 1# - PUNTO DE ACCESO PRINCIPAL-NOMBRE DE PERSONA |
| Nombre de persona |
Caparrós, Martín, |
| Fechas asociadas al nombre |
1957- |
| 245 13 - MENCIÓN DE TÍTULO |
| Título |
El Hambre |
| Mención de responsabilidad, etc. |
Martín Caparrós |
| 260 ## - PUBLICACIÓN, DISTRIBUCIÓN, ETC. (PIE DE IMPRENTA) |
| Lugar de publicación, distribución, etc. |
Barcelona |
| Nombre del editor, distribuidor, etc. |
Anagrama |
| Fecha de publicación, distribución, etc. |
2015 |
| 300 ## - DESCRIPCIÓN FÍSICA |
| Extensión |
624 p. ; |
| Dimensiones |
24 cm |
| 490 1# - MENCIÓN DE SERIE |
| Mención de serie |
Argumentos ; |
| Designación de volumen o secuencia |
474 |
| 500 ## - NOTA GENERAL |
| Nota general |
Reimpressions: 2015 |
| 650 #7 - PUNTO DE ACCESO ADICIONAL DE MATERIA - TÉRMINO DE MATERIA |
| Término de materia o nombre geográfico como elemento inicial |
Fam col·lectiva |
| Fuente del encabezamiento o término |
lemac |
| 650 #4 - PUNTO DE ACCESO ADICIONAL DE MATERIA - TÉRMINO DE MATERIA |
| Término de materia o nombre geográfico como elemento inicial |
Reportatges literaris |
| 9 (RLIN) |
797 |
| 942 ## - ENTRADA DE ELEMENTOS AGREGADOS (KOHA) |
| Fuente de clasificaión o esquema |
|
| Koha [por defecto] tipo de item |
Monografies |